Представление документа в формате RUSMARC

ПолеНазваниеЗначение
  Тип записи a
  Библиографический уровень m
001 Контрольный номер 40d0c5781d6441bd9b34cacb17f51f15
005 Дата корректировки 20251031142912.5
010 Индекс ISBN __
a ISBN 978-5-04-117259-6
d Цена 515-00
100 Данные общей обработки __
a Данные общей обработки 20210601d2021####am#y0rusy50######ca
101 Язык документа 0_
a Язык текста rus
102 Страна публикации __
a Страна публикации RU
200 Заглавие и сведения об ответственности 1_
a Заглавие Хочу. Могу. Надо. Узнай себя и действуй!
f Первые сведения об ответственности Мария Мелия
210 Выходные данные 1_
a Место издания Москва
c Издательство Эксмо
d Дата издания 2021
215 Физическое описание __
a Объем 265, [1] с.
225 Серия (Журнальная рубрика) 2_
a Серия (Журнальная рубрика) Марина Мелия. Психология успеха
300 Общие примечания __
a Общие примечания В выпускных данных и макете заглавие: Хочу - Могу - Надо. Узнай себя и действуй!
330 Аннотация __
a Аннотация Делать то, что хочется, и быть счастливым? Так ли это просто, как звучит? Марина Мелия – профессор психологии и коуч-консультант первых лиц российского бизнеса. Уникальный метод ее работы заключается в том, что она помогает человеку раскрыть и усилить свою силу, развить свои достоинства, а не искоренять недостатки. Проверенный более чем 40 лет практики, метод изложен на страницах книги так, что им можно пользоваться без помощи психолога.
333 Примечание о целевом назначении __
a Примечание о целевом назначении 16+
517 Другие варианты заглавия 1_
a Другие варианты заглавия Узнай себя и действуй!
606 Тематические рубрики __
a Основная рубрика Психология
606 Тематические рубрики __
a Основная рубрика Практическая психология
610 Ключевые слова 0_
a Ключевые слова самоанализ
a Ключевые слова саморазвитие
a Ключевые слова самовоспитание личности
a Ключевые слова психология успеха
a Ключевые слова достижение успеха
a Ключевые слова достижение целей
a Ключевые слова социальная успешность
a Ключевые слова психологическое консультирование
a Ключевые слова коучинг
686 Индексы других классификаций __
a Индекс ББК 88.9
700 Автор _1
a Фамилия Мелия
b Имя М. И.
g Полное личное имя Марина Ивановна
f Даты 1948-
801 Источник записи _0
a Страна RU
b Организация Центральная районная библиотека им. Г. А. Пирожникова
c Дата составления 20210601
g Правила каталогизации bzbo
801 Источник записи _1
a Страна RU
b Организация Центральная районная библиотека им. Г. А. Пирожникова
c Дата составления 20210601
g Правила каталогизации bzbo
852 Данные о местонахождении __
j Шифр хранения 88.9
i Авторский знак М 474
901 Тип документа __
t Тип документа m
902 Роль лиц __
a Создатель БЗ ОКиО/Шумских